| 000 | 01217cam a22003254a 4500 | ||
|---|---|---|---|
| 999 |
_c128811 _d128811 |
||
| 001 | 14486927 | ||
| 003 | ARRUPE | ||
| 005 | 20190124095435.0 | ||
| 008 | 060808s2006 sa ab b 000 0 eng d | ||
| 010 | _a 2006432242 | ||
| 020 | _a1868422461 | ||
| 035 | _a(OCoLC)ocm70296313 | ||
| 040 |
_aINU _cINU _dDLC |
||
| 042 | _alccopycat | ||
| 043 | _af------ | ||
| 050 | 0 | 0 |
_aSPC. GN281 _b.P72 2006 |
| 245 | 0 | 4 |
_aThe prehistory of Africa : _btracing the lineage of modern man / _cedited by Himla Soodyall. |
| 260 |
_aJeppestown [South Africa] : _bJonathan Ball Publishers, _c2006. |
||
| 300 |
_axi, 189 p. : _bill., maps ; _c22 cm. |
||
| 650 | 0 |
_aHuman evolution _zAfrica. _944131 |
|
| 650 | 0 |
_aSocial evolution _zAfrica. _944132 |
|
| 650 | 0 |
_aHuman population genetics _zAfrica. _944133 |
|
| 650 | 0 |
_aPaleoanthropology _zAfrica. _944134 |
|
| 650 | 0 |
_aPrehistoric peoples _zAfrica. _912450 |
|
| 650 | 0 |
_aAnthropology, Prehistoric _zAfrica. _944135 |
|
| 700 | 1 |
_aSoodyall, Himla. _944136 |
|
| 856 | 4 | 1 |
_3Table of contents only _uhttp://www.loc.gov/catdir/toc/fy0613/2006432242.html |
| 906 |
_a7 _bcbc _ccopycat _d3 _encip _f20 _gy-gencatlg |
||
| 942 |
_2lcc _cSPC |
||